000 01080nam a22003137a 4500
003 CHAP
005 20220329134011.0
008 971013s1986 r 00010 d
010 _a13867
011 _a14839
035 _a18913
040 _cCHAP
082 _a338.972 I5
_bChih.
110 _aInstituto Nacional de Estadística, Geografía e Informática. México
_959304
245 _aEstructura económica del estado de Chihuahua
260 _aAguascalientes, Ags. :
_bINEGI,
_c1986
300 _a49 p.
_b: cuadros
590 _aBATCH-UPD
_b10
_c20130110
_lUCH01
_h1950
590 _aBATCH-UPD
_b10
_c20130410
_lUCH01
_h1312
590 _aBATCH-UPD
_b10
_c20130914
_lUCH01
_h0922
590 _aCONVERSION
_b10
_c20130109
_lUCH01
_h1309
650 1 4 _aChihuahua
_xCondiciones económicas.
_922293
650 1 4 _aChihuahua
_xEstadísticas.
_922299
650 1 4 _aIngresos
_xContabilidad
_xChihuahua.
_958374
650 1 4 _aProductos interno bruto
_xChihuahua.
_992118
901 _aBK
942 _cLIBRO
949 _a338.972 I5 Chih.
_bBC
_cINEGI
_d33724000122578
_eINEGI
_h69231
_i18913
_si
999 _c13867
_d13867